000 00638nam a22002057i 4500
003 URS
005 20220117120455.0
008 180618b xxu||||| |||| 00| 0 eng d
020 _a9718752544
040 _erda
_cURS
_beng
100 _aPapa, Jose Cruz.
245 _aGabay sa paghahanapbuhay sa ibang bansa /
_cJose Cruz Papa. --
264 1 _aManila :
_bMary Jo Educational Supply Publisher,
_c1997.
300 _a223 p. :
_billustrations ;
_c21 cm
336 _atext
_btxt
_2rdacontent
337 _aunmediated
_bn
_2rdamedia
338 _avolume
_bnc
_2rdacarrier
650 _aMga migranteng manggagawa - Philippines
942 _2ddc
_cF
999 _c4684
_d4684